[Event "Fortaleza Cearense-ch"]
[Site "Fortaleza"]
[Date "2024.11.16"]
[Round "4"]
[White "De Araujo, Edilson Costa"]
[Black "Paulino, Arnold Torres"]
[Result "0-1"]
[WhiteElo "1830"]
[BlackElo "1833"]
[PlyCount "48"]
[EventDate "2024.11.14"]
[EventType "swiss"]
[EventRounds "7"]
[EventCountry "BRA"]
[SourceTitle "CB49_2024"]
[SourceDate "2024.12.04"]
[SourceVersion "1"]
[SourceVersionDate "2024.12.04"]
[SourceQuality "1"]

1. e4 c5 2. Nf3 Nc6 3. d4 cxd4 4. Nxd4 Nf6 5. Nc3 e5 6. Nf3 Bb4 7. Bd3 d5 8. exd5 Nxd5 9. Bd2 Nxc3 10. bxc3 Be7 11. 0-0 0-0 12. Qe2 Qc7 13. Rfe1 f6 14. Qe4 f5 15. Qd5+ Kh8 16. Nxe5 Nxe5 17. Rxe5 Bd6 18. Re2 Bxh2+ 19. Kh1 Bd6 20. Rae1 Bd7 21. Qf3 Qd8 22. Bf4 Qh4+ 23. Qh3 Qxh3+ 24. gxh3 Bxf4 0-1

[Event "Fortaleza Cearense-ch"]
[Site "Fortaleza"]
[Date "2024.11.15"]
[Round "2"]
[White "Monteiro, Jose Q Montenegro"]
[Black "De Araujo, Edilson Costa"]
[Result "1-0"]
[WhiteElo "1875"]
[BlackElo "1830"]
[PlyCount "73"]
[EventDate "2024.11.14"]
[EventType "swiss"]
[EventRounds "7"]
[EventCountry "BRA"]
[SourceTitle "CB49_2024"]
[SourceDate "2024.12.04"]
[SourceVersion "1"]
[SourceVersionDate "2024.12.04"]
[SourceQuality "1"]

1. e4 c5 2. Bc4 e6 3. Qe2 Nc6 4. c3 a6 5. Bb3 Qc7 6. Nf3 d6 7. d3 Be7 8. Bf4 Nf6 9. h3 b5 10. Nbd2 h6 11. 0-0 0-0 12. Rac1 Bb7 13. Rfe1 Rfe8 14. Bc2 e5 15. Bh2 Nh7 16. Bb1 Ng5 17. d4 Qb8 18. d5 Na7 19. Nf1 Bc8 20. Ne3 Bd7 21. Nf5 Bxf5 22. exf5 Bf6 23. Be4 Nc8 24. Nd2 Nb6 25. b3 Qb7 26. c4 Nd7 27. h4 Nh7 28. Nf3 Bd8 29. g4 Nhf6 30. g5 Nxe4 31. Qxe4 f6 32. gxh6 gxh6 33. Qg4+ Kh8 34. Qh5 Nf8 35. Qxe8 Qg7+ 36. Kh1 Ba5 37. Qxa8 1-0

[Event "Tiradentes op"]
[Site "Tiradentes"]
[Date "2014.04.20"]
[Round "6"]
[White "Ribeiro, Matheus Cavalcante"]
[Black "De Araujo, Edilson Costa"]
[Result "1-0"]
[WhiteElo "2162"]
[BlackElo "1783"]
[PlyCount "81"]
[EventDate "2014.04.18"]
[EventType "swiss"]
[EventRounds "7"]
[EventCountry "BRA"]
[SourceTitle "CBM 160 Extra"]
[Source "ChessBase"]
[SourceDate "2014.07.01"]
[SourceVersion "1"]
[SourceVersionDate "2014.07.01"]
[SourceQuality "1"]

1. e4 e5 2. Nf3 Nc6 3. Bc4 Bc5 4. b4 Bxb4 5. c3 Be7 6. Qb3 Na5 7. Bxf7+ Kf8 8. Qa4 c6 9. Bxg8 Kxg8 10. Nxe5 b5 11. Qd1 d6 12. Nf3 Kf7 13. 0-0 Rf8 14. d4 Kg8 15. h3 Be6 16. Re1 Rc8 17. Nbd2 c5 18. d5 Bd7 19. Rb1 Qe8 20. Qe2 Qg6 21. Kh1 a6 22. c4 bxc4 23. Bb2 Rce8 24. Bc3 Bd8 25. e5 Bf5 26. Ne4 Rf7 27. Rb8 Nb7 28. Nh4 Qh6 29. Nxf5 Rxf5 30. Rxb7 dxe5 31. Qxc4 Bh4 32. d6+ Kh8 33. d7 Ref8 34. Rd1 Bd8 35. Rb8 Qh5 36. Rd2 Qh4 37. Nd6 Rf4 38. Qd5 h6 39. Bxe5 Rxf2 40. Rxf2 Rxf2 41. Rxd8+ 1-0